| Tag |
First Indicator |
Second Indicator |
Subfields |
| LEADER |
00000cam a2200000 4500 |
| 001 |
in00000056546 |
| 005 |
20151007082030.0 |
| 008 |
760602r19661929nyu b 00000 eng u |
| 010 |
|
|
|a 66005786
|
| 035 |
|
|
|a (OCoLC)02206398
|
| 035 |
|
|
|9 AAF7271AM
|
| 040 |
|
|
|c CSU
|d TXA
|d UtOrBLW
|
| 049 |
|
|
|a TXAM
|c [470973]
|
| 090 |
|
|
|a JV7610
|b .C3 1966
|
| 092 |
|
|
|a 325.242
|b C319e, 1966
|
| 100 |
1 |
|
|a Carrothers, W. A.,
|d 1889-1951.
|
| 245 |
1 |
0 |
|a Emigration from the British Isles :
|b with special reference to the development of the overseas dominions.
|
| 264 |
|
1 |
|a New York :
|b A. M. Kelley,
|c 1966.
|
| 300 |
|
|
|a xii, 328p. ;
|c 23cm.
|
| 336 |
|
|
|a text
|b txt
|2 rdacontent
|
| 337 |
|
|
|a unmediated
|b n
|2 rdamedia
|
| 338 |
|
|
|a volume
|b nc
|2 rdacarrier
|
| 490 |
0 |
|
|a Reprints of economic classics
|
| 500 |
|
|
|a "First published...1929."
|
| 504 |
|
|
|a Bibliographical footnotes.
|
| 651 |
|
0 |
|a Great Britain
|x Emigration and immigration.
|
| 651 |
|
0 |
|a Great Britain
|x Colonies
|x Emigration and immigration.
|
| 999 |
|
|
|a MARS
|
| 999 |
f |
f |
|s 12f1661b-d8e8-3fe7-8f41-2f3bc843ad4a
|i 3065aca5-7556-3205-9d7b-b7ae9ce982f0
|t 0
|
| 952 |
f |
f |
|p ric
|a Texas A&M University
|b Rellis Campus
|c Joint Library Facility
|d Remote Storage
|t 0
|e JV7610 .C3 1966
|h Library of Congress classification
|i unmediated -- volume
|m A14800668669
|
| 998 |
f |
f |
|a JV7610 .C3 1966
|t 0
|l Remote Storage
|